[Event "LSS RE-2008-0-00011"]
[Site "LSS email"]
[Date "2008.09.15"]
[Round "?"]
[White "Clark, Mark J"]
[Black "Coda, Andrea"]
[Result "0-1"]
[WhiteElo "1260"]
[BlackElo "1422"]
[PlyCount "50"]
[EventDate "2008.09.04"]
[EventType "tourn (corr)"]
[EventRounds "6"]
[EventCountry "GER"]
[SourceTitle "Corr 2013"]
[Source "ChessBase"]
[SourceDate "2012.11.12"]
[SourceVersion "1"]
[SourceVersionDate "2012.11.12"]
[SourceQuality "1"]

1. e4 d5 2. exd5 Qxd5 3. Nc3 Qa5 4. Bc4 Nf6 5. d4 c6 6. Nge2 Bf5 7. 0-0 e6 8. Ng3 Bg6 9. Qe2 Nbd7 10. Bb3 0-0-0 11. Be3 Be7 12. Rad1 h5 13. Bf4 h4 14. Nge4 Nxe4 15. Nxe4 Nf6 16. Nxf6 Bxf6 17. c3 Bh5 18. f3 h3 19. g4 Bg6 20. Qe3 Rd7 21. Rfe1 Rhd8 22. g5 Be7 23. Qe5 Qxe5 24. dxe5 Bc5+ 25. Kh1 Bh5 0-1

[Event "LSS RE-2008-0-00011"]
[Site "LSS email"]
[Date "2008.09.10"]
[Round "?"]
[White "Coda, Andrea"]
[Black "Slavin, Pablo"]
[Result "1-0"]
[WhiteElo "1422"]
[BlackElo "1094"]
[PlyCount "51"]
[EventDate "2008.09.04"]
[EventType "tourn (corr)"]
[EventRounds "6"]
[EventCountry "GER"]
[SourceTitle "Corr 2013"]
[Source "ChessBase"]
[SourceDate "2012.11.12"]
[SourceVersion "1"]
[SourceVersionDate "2012.11.12"]
[SourceQuality "1"]

1. d4 Nf6 2. Nf3 g6 3. Bg5 Bg7 4. Nbd2 d5 5. e3 0-0 6. Bd3 c6 7. 0-0 b6 8. e4 dxe4 9. Nxe4 Nbd7 10. Re1 Bb7 11. c3 Qc7 12. Nxf6+ Nxf6 13. Qd2 Rfe8 14. Bf4 Qd7 15. Ne5 Qc8 16. Bh6 c5 17. Bxg7 Kxg7 18. f3 Nh5 19. Rac1 f6 20. Ng4 f5 21. Qh6+ Kh8 22. Ne5 Qe6 23. Bc4 Bd5 24. Bxd5 Qxd5 25. Nxg6+ Kg8 26. Nxe7+ 1-0

[Event "LSS RE-2008-0-00011"]
[Site "LSS email"]
[Date "2008.09.08"]
[Round "?"]
[White "Boni, Roberto"]
[Black "Coda, Andrea"]
[Result "0-1"]
[WhiteElo "1395"]
[BlackElo "1422"]
[PlyCount "88"]
[EventDate "2008.09.04"]
[EventType "tourn (corr)"]
[EventRounds "6"]
[EventCountry "GER"]
[SourceTitle "Corr 2013"]
[Source "ChessBase"]
[SourceDate "2012.11.12"]
[SourceVersion "1"]
[SourceVersionDate "2012.11.12"]
[SourceQuality "1"]

1. Nf3 Nf6 2. c4 e6 3. g3 d5 4. Bg2 Be7 5. 0-0 0-0 6. d4 dxc4 7. Qc2 Nc6 8. Qxc4 Qd5 9. Qd3 Nb4 10. Qd1 Rd8 11. Nc3 Qc4 12. Bd2 h6 13. a3 Nc6 14. e3 Bd6 15. Rc1 Qd3 16. Ne1 Qh7 17. Nb5 Bd7 18. Nxd6 cxd6 19. Qb3 Ne4 20. Nf3 b6 21. d5 exd5 22. Qxd5 Rac8 23. Nd4 Nxd2 24. Nxc6 Bxc6 25. Qxd2 Bxg2 26. Kxg2 Qe4+ 27. Kg1 Qe6 28. Rfd1 Rc5 29. Rxc5 bxc5 30. Qd5 Qxd5 31. Rxd5 Kf8 32. e4 Ke7 33. e5 Ke6 34. Rxd6+ Rxd6 35. exd6 Kxd6 36. Kf1 Kd5 37. Ke2 Kc4 38. Kd2 Kb3 39. Kc1 a5 40. h4 h5 41. f3 f5 42. Kb1 a4 43. Kc1 c4 44. Kb1 c3 0-1

[Event "IECG TG.2004.0.15175"]
[Site "IECG email"]
[Date "2004.05.31"]
[Round "1"]
[White "Campbell, Graham G"]
[Black "Coda, Andrea"]
[Result "0-1"]
[WhiteElo "810"]
[BlackElo "800"]
[PlyCount "36"]
[EventDate "2004.05.31"]
[EventType "match (corr)"]
[EventRounds "2"]
[SourceTitle "Corr 2008"]
[Source "ChessBase"]
[SourceDate "2008.06.24"]
[SourceVersion "1"]
[SourceVersionDate "2008.06.24"]
[SourceQuality "1"]

1. e4 e5 2. Nf3 Nc6 3. Bb5 a6 4. Bxc6 dxc6 5. 0-0 f6 6. d4 Bg4 7. c3 exd4 8. cxd4 Qd7 9. Be3 Bd6 10. e5 Bf8 11. Re1 0-0-0 12. h3 Be6 13. exf6 gxf6 14. Nc3 Ne7 15. Ne4 Nd5 16. a3 Bxh3 17. gxh3 Qxh3 18. Nh2 Rg8+ 0-1

[Event "IECG TG.2004.0.15175"]
[Site "IECG email"]
[Date "2004.05.31"]
[Round "2"]
[White "Coda, Andrea"]
[Black "Campbell, Graham G"]
[Result "1-0"]
[WhiteElo "800"]
[BlackElo "810"]
[PlyCount "57"]
[EventDate "2004.05.31"]
[EventType "match (corr)"]
[EventRounds "2"]
[SourceTitle "Corr 2008"]
[Source "ChessBase"]
[SourceDate "2008.06.24"]
[SourceVersion "1"]
[SourceVersionDate "2008.06.24"]
[SourceQuality "1"]

1. d4 d5 2. Nf3 Nf6 3. Bg5 Bg4 4. Nbd2 Nc6 5. e3 e6 6. c3 a6 7. Bd3 Bd6 8. 0-0 h6 9. Bf4 Qd7 10. Qb3 b5 11. Rfe1 Bxf4 12. exf4 0-0 13. Ne5 Nxe5 14. fxe5 Nh5 15. g3 Bh3 16. Qd1 g6 17. Nb3 Qe7 18. Nc5 Qg5 19. Be2 Nf4 20. Nd7 Ng2 21. Bf1 Bg4 22. Nf6+ Kh8 23. Nxg4 f5 24. Nf6 Rxf6 25. f4 Nxf4 26. exf6 Re8 27. Qc1 Qg4 28. f7 Rf8 29. Qxf4 1-0